00573nam a2200193Ia 450000500170000000800410001704000190005804100120007708200130008910000150010224500360011725000220015326000410017530000320021650400780024865000160032665100260034285000110036820240323093958.0131103s9999 xx 000 0 und d aLoreto College aEnglish a512bADA aAdams, L.J aIntermediate AlgebracL.J.Adams aAlternate edition aNew YorkbHolt, Rinehart and Winston axiii, 414pb illus, dia,fig aPrinted in United State of America,(c) 1960 by Holt, Rinehart and Winston aMathematics aMathematics - Algebra aLCLIB